000 00701nam a2200205 i 4500
001 98129
003 ES-MaACL
005 20230906182224.0
007 t|
008 050726s1915 ck |||| |bspa d
080 _a929 Marroquín, José Manuel
100 1 _aMarroquín y Osorio, José Manuel.
_977087
245 1 0 _aDon José Manuel Marroquín [y Ricaurte], íntimo /
_cJosé Manuel Marroquín, presbítero.
260 _aBogotá :
_bArboleda & Valencia,
_c1915.
300 _aVIII, 520 p. :
_b1 retr. ;
_c21 cm.
599 _aRetr. de José Manuel Marroquín y Ricaurte.
600 1 4 _aMarroquín, José Manuel,
_d1827-1908
_9160120
852 _aES-MaACL
_jG-753
999 _c98129
_d98129